00229nam a2200097Ia 4500008004100000041000800041082001000049100002000059245002600079260002600105231212s1977 xx 000 0 und d aeng a621.8 aYepifanov G.I. aIntroduction to Solid aMascowbMir Pubc1977